Shakespeare's anonymous editors : (Record no. 55064)
[ view plain ]
| 000 -LEADER | |
|---|---|
| fixed length control field | 00759nam a22002297a 4500 |
| 001 - CONTROL NUMBER | |
| control field | 55064 |
| 003 - CONTROL NUMBER IDENTIFIER | |
| rucl marc code | BD-RjUL |
| 005 - DATE AND TIME OF LATEST TRANSACTION | |
| control field | 20211209080217.0 |
| 008 - FIXED-LENGTH DATA ELEMENTS--GENERAL INFORMATION | |
| fixed length control field | 161114s1981 cau||||| |||| 00| 0 eng d |
| 020 ## - INTERNATIONAL STANDARD BOOK NUMBER | |
| International Standard Book Number | 0804710333 |
| 035 ## - SYSTEM CONTROL NUMBER | |
| System control number | (BD-RjUL)55186 |
| 040 ## - CATALOGING SOURCE | |
| Original cataloging agency | BD-RjUL |
| Language of cataloging | eng |
| Transcribing agency | BD-RjUL |
| 041 ## - LANGUAGE CODE | |
| Language code of text/sound track or separate title | eng |
| 082 ## - DEWEY DECIMAL CLASSIFICATION NUMBER | |
| Edition number | 23 |
| Classification number | 822.33 |
| Author mark and year | PRS 1981 |
| 100 1# - MAIN ENTRY--PERSONAL NAME | |
| Personal name | Prosser, Eleanor |
| 9 (RLIN) | 164144 |
| 245 10 - TITLE STATEMENT | |
| Title | Shakespeare's anonymous editors : |
| Remainder of title | scribe and compositor in the Folio text of 2 Henry IV / |
| Statement of responsibility, etc. | Eleanor Prosser |
| 260 ## - PUBLICATION, DISTRIBUTION, ETC. (IMPRINT) | |
| Place of publication, distribution, etc. | Stanford, Califonia : |
| Name of publisher, distributor, etc. | Stanford University Press, |
| Date of publication, distribution, etc. | 1981. |
| 300 ## - PHYSICAL DESCRIPTION | |
| Pagination | 219 p. : |
| Illustrations | ill, ; |
| Size | 22 cm. |
| 600 ## - SUBJECT ADDED ENTRY--PERSONAL NAME | |
| Personal name | Shakespeare, William, |
| Titles and other words associated with a name | 1564-1616. |
| Dates associated with a name | King Henry IV - |
| Fuller form of name | Criticism, |
| 650 ## - SUBJECT ADDED ENTRY--TOPICAL TERM | |
| Topical term or geographic name as entry element | Textual. |
| 9 (RLIN) | 159971 |
| 942 ## - ADDED ENTRY ELEMENTS (KOHA) | |
| Source of classification or shelving scheme | Dewey Decimal Classification |
| Koha item type | Books |
| Lost status | Source of classification or shelving scheme | Damaged status | Not for loan | Collection code | Permanent Location | Current Location | Shelving location | Date acquired | Source of acquisition | Cost, normal purchase price | Total Checkouts | Full call number | Date last seen | Copy number | Koha item type |
|---|---|---|---|---|---|---|---|---|---|---|---|---|---|---|---|
| Dewey Decimal Classification | Non-fiction | Central Library, University of Rajshahi | Central Library, University of Rajshahi | 03/06/1990 | N/A | 0.00 | 822.33 PRS 1981 | 14/11/2016 | C-2 | Books |